000 00753nam a2200181Ia 4500
008 100920s9999 xx 000 0 und d
082 _b99623
_a49 झ 16
100 _aचमनलाल प्रा/देसाई दत्ता.
245 _aशहीद भगतसिंह समग्र वाड:मय.
260 _bडायमंड पब्लिकेशन पुणे.
_c1516
300 _a479
_bसाधी
365 _b350
520 _aडिपॉझिट सेक्शन.
630 _aशहीद भगतसिंह समग्र वाड:मय.
650 _aडिपॉझिट सेक्शन.
730 _aशहीद भगतसिंह समग्र वाड:मय.
942 _cBOOK
999 _c740061
_d740058